000 00769nam a2200277Ia 4500
003 OSt
005 20220912151853.0
006 a|||||r|||| 00| 0
007 ta
008 220909b |||||||| |||| 00| 0 eng d
024 _a30478
037 _cTextual
040 _aCSL
_beng
_cCSL
041 _aeng
082 _aB311, M1
100 _aGreene Daniel H
245 0 _aMathematics for the analysis of algorithms
260 _aBoston
_bBirkhauser
_c1981
300 _a107p.
_ccm.
490 _aProgress in computer science; 1
500 _aBibliography 81-84p; Appendix 85-104p
650 _aNumerical analysis
700 _a Knuth Donald E
942 _hB311, M1
_cTEXL
_2CC
999 _c76513
_d76513